| 000 | 01241nam a2200277 a 4500 | ||
|---|---|---|---|
| 001 | 000038358 | ||
| 003 | DO-SdBNP | ||
| 005 | 20251203102347.0 | ||
| 008 | 130409s2009 dr ac 000 0 spa d | ||
| 040 |
_aDO-SdBNP _bspa _cBNPHU |
||
| 082 | 4 |
_a370.19 _bA664p _222 |
|
| 100 | 1 |
_aArbaizar Santamaría, Elena _964715 |
|
| 245 | 1 | 0 |
_aPrácticas educativas de familias de niños y niñas que acuden a la Fundación Abriendo Camino, barrio de Villas Agrícolas, Santo Domingo, Rep. Dominicana : _bestudio cualitativo / _cElena Arbaizar Santamaría, Laura Francisco Carneado. Mariana Cammerinesi ; dirección Tahira Vargas. |
| 260 |
_aSanto Domingo : _bFundación Abriendo Camino, _c2009. |
||
| 300 |
_a83 p. : _bil., retrs. ; _c22 cm. |
||
| 504 | _aBibliografía : p. 83. | ||
| 590 | _aInventariado, 2018/LP | ||
| 650 | 4 |
_aSociología de la educación _xInvestigaciones _964716 |
|
| 650 | 4 |
_aGrupos sociales _xInvestigaciones _zRepública Dominicana _964717 |
|
| 651 | 0 |
_a Santo Domingo (República Dominicana) _xCondiciones sociales _964718 |
|
| 700 | 1 |
_aFrancisco Carneado, Laura _964719 |
|
| 700 | 1 |
_aCammerinesi, Mariana _964720 |
|
| 700 | 1 |
_aVargas, Tahira, _edir. _91966 |
|
| 910 | _aValidado. Control de calidad EMS. | ||
| 942 |
_2ddc _cLBS1 |
||
| 999 |
_c37848 _d37848 |
||